000 00241nam a2200097Ia 4500
008 240625s9999 xx 000 0 und d
041 _aeng
082 _a808.20 BHA
100 _aBHATIA DIVYA
245 _aANALYSIS OF OPERATIONAL RISK USING ADVAN
999 _c37954
_d37954